Uczestnicy Mistrzostw Świata i baraży według rankingu FIFA - Statystyki

Ogólne statystyki
  • Ten quiz został rozwiązany 30 razy
  • Średni wynik to 46 z 62
Statystyki odpowiedzi
Hint Odpowiedź % Poprawnych
2 Argentyna
96%
5 Brazylia
96%
1 Hiszpania
93%
12 (baraże) Włochy
93%
4 Anglia
89%
3 Francja
89%
29 Norwegia
89%
31 (baraże) Polska
89%
43(baraże) Szwecja
89%
14 USA
89%
32 (baraże) Walia
89%
8 Belgia
86%
7 Holandia
86%
27 Kanada
86%
11 Maroko
86%
19 Senegal
86%
28 (baraże) Ukraina
86%
16 Urugwaj
86%
10 Chorwacja
82%
44(baraże) Czechy
82%
21 (baraże) Dania
82%
35 Egipt
82%
23 Ekwador
82%
13 Kolumbia
82%
15 Meksyk
82%
6 Portugalia
82%
41 Tunezja
82%
26 Australia
79%
59(baraże) Irlandia
79%
18 Japonia
79%
87 Nowa Zelandia
79%
36 Szkocja
79%
25 (baraże) Turcja
79%
63(baraże) Albania
75%
71 (baraże) Bośnia i Hercegowina
75%
20 Iran
75%
22 Korea Południowa
75%
9 Niemcy
75%
39 Paragwaj
75%
45(baraże) Słowacja
75%
17 Szwajcaria
75%
34 Algieria
71%
61 Republika Południowej Afryki
71%
24 Austria
68%
60 Arabia Saudyjska
64%
82 Curacao
61%
56(baraże) Demokratyczna Republika Konga
61%
58(baraże) Irak
61%
30 Panama
61%
47(baraże) Rumunia
57%
50 Uzbekistan
57%
42 Wybrzeże Kości Słoniowej
57%
76 (baraże) Boliwia
54%
84 Haiti
54%
69 (baraże) Irlandia Północna
54%
54 Katar
54%
80 (baraże) Kosowo
50%
66(baraże) Macedonia Północna
50%
67 Republika Zielonego Przylądka
50%
64 Jordania
46%
123 (baraże) Surinam
43%
150 (baraże) Nowa Kaledonia
39%
Nie znaleziono quizów pasujących do podanych kryteriów
Rozkład punktacji
Procent ludzi z każdym wynikiem
Percentyl według liczby udzielonych odpowiedzi
Twoja historia wyników
Nie rozwiązałeś tego quizu